Risultati della Juventus in UEFA Champions League 2019-2020 - Statistics

Statistiche generali
  • Questo quiz è stato fatto 30 volte
  • Il punteggio medio è 6 su 8
Statistiche sulle risposte
Hint Risposta % Corretto
Atletico Madrid - Juventus 2-2
83%
Juventus - Lokomotiv Mosca 2-1
79%
Juventus - Bayer Leverkusen 3-0
79%
Bayer Leverkusen - Juventus 0-2
69%
Juventus - Atletico Madrid 1-0
69%
Olympique Lione - Juventus 1-0
69%
Lokomotiv Mosca - Juventus 1-2
69%
Juventus - Olympique Lione 2-1
69%
Nessun quiz corrispondente trovato
Distribuzione punteggi
Percentuale di utenti per punteggio
Percentile per numero di risposta
I tuoi punteggi nel tempo
Non hai fatto questo quiz